Neki pokazatelji tehničkog razvoja privrede Jugoslavije 1977
Enregistré dans:
| Format: | Livre |
|---|---|
| Langue: | serbe |
| Publié: |
Beograd
Savezni zavod za statistiku
1979
|
| Collection: | Statistički bilten
broj 1167 |
| Tags: |
Pas de tags, Soyez le premier à ajouter un tag!
|
MARC
| LEADER | 00000nam a2200000 4500 | ||
|---|---|---|---|
| 001 | c141493 | ||
| 005 | 20250701083529.4 | ||
| 041 | 0 | |a srp | |
| 044 | |a YU | ||
| 245 | 1 | 0 | |a Neki pokazatelji tehničkog razvoja privrede Jugoslavije 1977 |
| 264 | 1 | |a Beograd |b Savezni zavod za statistiku |c 1979 | |
| 300 | |a 35 s. | ||
| 490 | 1 | |a Statistički bilten |v broj 1167 | |
| 830 | 0 | |a Statistički bilten |v broj 1167 | |